[Event "Sarpsborg CC-ch"]
[Site "Sarpsborg"]
[Date "2002.04.26"]
[Round "8"]
[White "Tangen, Rolf W"]
[Black "Andersen, Dag"]
[Result "1-0"]
[WhiteElo "1431"]
[BlackElo "1477"]
[PlyCount "47"]
[EventDate "2002.01.??"]
[EventType "swiss"]
[EventRounds "15"]
[EventCountry "NOR"]
[SourceTitle "EXT 2005"]
[Source "ChessBase"]
[SourceDate "2004.11.15"]
[SourceVersion "1"]
[SourceVersionDate "2004.11.15"]
[SourceQuality "1"]

1. d4 d5 2. c4 c6 3. Nf3 Nf6 4. Nc3 Bf5 5. Nh4 Bg6 6. Nxg6 hxg6 7. cxd5 cxd5 8. e3 e6 9. Bb5+ Nbd7 10. 0-0 Bd6 11. f4 a6 12. Bd3 Rc8 13. e4 dxe4 14. Nxe4 Nxe4 15. Bxe4 Qh4 16. h3 Nf6 17. Bxb7 Rd8 18. Qf3 g5 19. fxg5 Qxd4+ 20. Be3 Qe5 21. gxf6 gxf6 22. Bf4 Qd4+ 23. Kh1 e5 24. Be3 1-0

[Event "Sarpsborg op"]
[Site "Sarpsborg"]
[Date "2001.09.28"]
[Round "6"]
[White "Tangen, Rolf W"]
[Black "Kristiansen, Espen"]
[Result "1-0"]
[WhiteElo "1422"]
[BlackElo "968"]
[PlyCount "83"]
[EventDate "2001.08.??"]
[EventType "swiss"]
[EventRounds "12"]
[EventCountry "NOR"]
[SourceTitle "EXT 2005"]
[Source "ChessBase"]
[SourceDate "2004.11.15"]
[SourceVersion "1"]
[SourceVersionDate "2004.11.15"]
[SourceQuality "1"]

1. d4 Nf6 2. c4 g6 3. Nc3 Bg7 4. e4 d6 5. f4 e5 6. dxe5 Ng4 7. Nf3 0-0 8. h3 Nh6 9. exd6 cxd6 10. Nb5 d5 11. cxd5 a6 12. Nc3 Nd7 13. Be3 Re8 14. Bd3 Nf6 15. 0-0 b5 16. Qd2 b4 17. Na4 Nxe4 18. Bxe4 Rxe4 19. Rfe1 Nf5 20. Bb6 Rxe1+ 21. Rxe1 Qd6 22. Re8+ Bf8 23. Bc5 Qd7 24. Rxf8+ Kg7 25. Rxc8 Qxc8 26. Bd4+ Nxd4 27. Qxd4+ f6 28. Qxb4 Qc1+ 29. Kh2 Kh6 30. Qd2 Qxd2 31. Nxd2 Rb8 32. d6 Rb4 33. b3 Rd4 34. Nc4 Kg7 35. Nc5 Kf7 36. Nxa6 Ke6 37. Nc5+ Kd5 38. Nd7 Rxf4 39. Nf8 Kc6 40. Nxh7 Kd7 41. Nf8+ Kd8 42. Ne6+ 1-0

[Event "Sarpsborg op"]
[Site "Sarpsborg"]
[Date "2001.08.24"]
[Round "1"]
[White "Solberg, Joachim Krokvik"]
[Black "Tangen, Rolf W"]
[Result "1-0"]
[WhiteElo "2039"]
[BlackElo "1422"]
[PlyCount "95"]
[EventDate "2001.08.??"]
[EventType "swiss"]
[EventRounds "12"]
[EventCountry "NOR"]
[SourceTitle "EXT 2005"]
[Source "ChessBase"]
[SourceDate "2004.11.15"]
[SourceVersion "1"]
[SourceVersionDate "2004.11.15"]
[SourceQuality "1"]

1. e4 c6 2. d4 d5 3. exd5 cxd5 4. c4 e6 5. Nc3 Nf6 6. Nf3 Bb4 7. cxd5 Nxd5 8. Bd2 0-0 9. Bd3 Nc6 10. 0-0 Be7 11. a3 f5 12. Rc1 Bf6 13. Nxd5 exd5 14. Bc3 Qb6 15. Bc2 Bd7 16. Qd2 Rae8 17. b4 Qd8 18. b5 Ne7 19. a4 Nc8 20. Ne5 Be6 21. Ba5 b6 22. Bb4 Nd6 23. f4 Bxe5 24. dxe5 Nc4 25. Qd4 Rf7 26. Bb1 Qd7 27. Rc3 Rc8 28. Rh3 g6 29. Bd3 Qb7 30. Rh6 Kg7 31. Rh3 Kg8 32. Rg3 Rg7 33. Re1 Qd7 34. Be2 Qb7 35. Rd1 Qf7 36. Bf3 Qb7 37. Bxd5 Bxd5 38. Qxd5+ Qxd5 39. Rxd5 Rgc7 40. e6 Re8 41. e7 Nb2 42. h4 Nxa4 43. Rxf5 Nc5 44. h5 Rcxe7 45. hxg6 hxg6 46. Rxg6+ Rg7 47. Rxg7+ Kxg7 48. Bxc5 1-0